header

Content counts! (Record no. 8992)

MARC details
000 -LEADER
fixed length control field 01258nam a2200325Ia 4500
001 - CONTROL NUMBER
control field ebr10694703
003 - CONTROL NUMBER IDENTIFIER
control field CaPaEBR
006 - FIXED-LENGTH DATA ELEMENTS--ADDITIONAL MATERIAL CHARACTERISTICS--GENERAL INFORMATION
fixed length control field m u
007 - PHYSICAL DESCRIPTION FIXED FIELD--GENERAL INFORMATION
fixed length control field cr cn|||||||||
008 - FIXED-LENGTH DATA ELEMENTS--GENERAL INFORMATION
fixed length control field 110210s2011 deua sb 001 0 eng d
010 ## - LIBRARY OF CONGRESS CONTROL NUMBER
Canceled/invalid LC control number 2011004799
020 ## - INTERNATIONAL STANDARD BOOK NUMBER
Cancelled/invalid ISBN 0872078388
Cancelled/invalid ISBN 9780872070196
Cancelled/invalid ISBN 9780872078383
040 ## - CATALOGING SOURCE
Original cataloging agency CaPaEBR
Transcribing agency CaPaEBR
035 ## - SYSTEM CONTROL NUMBER
System control number (OCoLC)826657957
050 14 - LIBRARY OF CONGRESS CALL NUMBER
Classification number LB1576
Item number .A61573 2011eb
082 04 - DEWEY DECIMAL CLASSIFICATION NUMBER
Classification number 372.6
Edition number 22
100 1# - MAIN ENTRY--PERSONAL NAME
Personal name Altieri, Jennifer L.
245 10 - TITLE STATEMENT
Title Content counts!
Medium [electronic resource] :
Remainder of title developing disciplinary literacy skills, K-6 /
Statement of responsibility, etc Jennifer L. Altieri.
260 ## - PUBLICATION, DISTRIBUTION, ETC. (IMPRINT)
Place of publication, distribution, etc Newark, DE :
Name of publisher, distributor, etc International Reading Association,
Date of publication, distribution, etc c2011.
300 ## - PHYSICAL DESCRIPTION
Extent xvii, 243 p. :
Other physical details ill.
504 ## - BIBLIOGRAPHY, ETC. NOTE
Bibliography, etc Includes bibliographical references (p. 223-235) and index.
533 ## - REPRODUCTION NOTE
Type of reproduction Electronic reproduction.
Place of reproduction Palo Alto, Calif. :
Agency responsible for reproduction ebrary,
Date of reproduction 2013.
Note about reproduction Available via World Wide Web.
-- Access may be limited to ebrary affiliated libraries.
650 #0 - SUBJECT ADDED ENTRY--TOPICAL TERM
Topical term or geographic name as entry element Language arts (Elementary)
Topical term or geographic name as entry element Content area reading.
655 #7 - INDEX TERM--GENRE/FORM
Genre/form data or focus term Electronic books.
Source of term local
710 2# - ADDED ENTRY--CORPORATE NAME
Corporate name or jurisdiction name as entry element ebrary, Inc.
856 40 - ELECTRONIC LOCATION AND ACCESS
Uniform Resource Identifier <a href="http://site.ebrary.com/lib/rucke/Doc?id=10694703">http://site.ebrary.com/lib/rucke/Doc?id=10694703</a>
Public note An electronic book accessible through the World Wide Web; click to view

No items available.

© 2026 Rongo University
Contact us: librarian | system librarian | Rongo university